02237nam a2200385 a 450000500170000000800410001702000180005804100080007609200190008410000280010324501230013125000790025426000560033330000110038950001530040065300680055365300750062165300470069665300470074365300680079065300600085865300850091865300860100365300520108965300520114165300710119365300860126465300450135070000260139570000260142194200120144799900150145995201940147495201830166820240430093347.0100312s2012||||sp a f |||| 001 0 spa d a9788480869973 aspa c616.9l51sMAN1 aMandell, Gerald L.9519 aMandell, Douglas y Bennett. Enfermedades Infecciosas. bSíndrome de Inmunodeficiencia Adquirida /cGerald L. Mandell a7a ed. versión en español de la 7a ed. de la obra original en inglés aBarcelona: bElsevier-Churchill Livingstone;c2012. a293 p. aMandell, G., Bennett, J. E. y Dolin, R. (2012). Enfermedades infecciosas. Síndrome de inmunodeficiencia adquirida. (7a ed.). Barcelona : Elsevier. aPerspectivas globales sobre la infección por el VIH y el SIDA aEpidemiología y prevención del SIDA y de la infección por el VIH aDiagnóstico de la infección por el VIH aInmunología de la infección por el VIH aManifestaciones clinicas generales de la infección por el VIH aManifestaciones pulmonares de la infección por el VIH aManifestaciones gastrointestinales y hepatobiliares de la infección por el VIH aEnfermedades neurológicas causadas por el VIH tipo 1 e infecciones oportunistas aEnfermedades malignas en la infección por VIH aInfección por el virus del VIH en los niños aTratamiento antirretroviral en la infección por el virus del VIH aTratamiento de las infecciones oportunistas asociadas a la infección por el VIH aVacunas contra la infección por el VIH1 aBennett, John E.95201 aDolin, Raphael .9521 2ddccBK c2063d2063 00102ddc40708REFaBFMbBFMcREFd2013-11-19g540.00l0o616.9 51 MANp3177r2014-11-06tEj.1w2013-11-19yREFzLIBRO DE CONSULTA. COMPRA PROMED 3RA ETAPA, NOVIEMBRE 2013. Sede Tordos.f 00102ddc4070aBFMbBFMcCRd2013-11-19g540.00l6m4o616.9 51 MANp3178r2017-05-15s2017-05-11tEj.2w2013-11-19yBKzCOMPRA PROMED, 3RA ETAPA NOVIEMBRE 2013. Sede Tordos.f